[Event "Novi Sad Serbia op-B"]
[Site "Novi Sad"]
[Date "2022.06.28"]
[Round "1"]
[White "Andrijevic, Milan"]
[Black "Savic, Goran Z"]
[Result "1-0"]
[WhiteElo "2184"]
[BlackElo "1790"]
[PlyCount "68"]
[EventDate "2022.06.28"]
[EventType "swiss"]
[EventRounds "9"]
[EventCountry "SRB"]
[SourceTitle "EXT 2023"]
[Source "ChessBase"]
[SourceDate "2022.10.05"]
[SourceVersion "1"]
[SourceVersionDate "2022.10.05"]
[SourceQuality "1"]

1. e4 e6 2. d4 d5 3. exd5 exd5 4. Nf3 Nf6 5. c4 c6 6. Nc3 Be7 7. Be2 0-0 8. Bf4 Nh5 9. Be3 dxc4 10. Bxc4 b5 11. Bb3 Bd6 12. 0-0 Nf4 13. Qd2 Nxg2 14. Kxg2 Bh3+ 15. Kh1 Bxf1 16. Rxf1 Qf6 17. Ne1 Re8 18. Rg1 Qh4 19. Nf3 Qh3 20. Ne5 Bxe5 21. dxe5 Nd7 22. e6 Qf3+ 23. Rg2 Ne5 24. exf7+ Nxf7 25. Qd4 g6 26. Kg1 Rad8 27. Qxa7 b4 28. Rg3 Qf6 29. Ne2 Re7 30. Qb6 Rd3 31. Qxb4 Kg7 32. Bd4 Rxg3+ 33. hxg3 Ne5 34. Kf1 Qf5 1-0

[Event "SRB-ch sf"]
[Site "Paracin"]
[Date "2022.03.21"]
[Round "6"]
[White "Milovanovic, Srboljub"]
[Black "Savic, Goran Z"]
[Result "1-0"]
[WhiteElo "2000"]
[BlackElo "1804"]
[PlyCount "49"]
[EventDate "2022.03.17"]
[EventType "swiss"]
[EventRounds "9"]
[EventCountry "SRB"]
[SourceTitle "CBM 207 Extra"]
[Source "ChessBase"]
[SourceDate "2022.05.31"]
[SourceVersion "1"]
[SourceVersionDate "2022.05.31"]
[SourceQuality "1"]

1. d4 Nf6 2. c4 e6 3. Nf3 Bb4+ 4. Nc3 0-0 5. e3 d5 6. a3 Bxc3+ 7. bxc3 b6 8. cxd5 exd5 9. Bd3 Re8 10. 0-0 Nbd7 11. c4 Bb7 12. a4 c5 13. Bb2 Rc8 14. Qe2 Ne4 15. cxd5 Bxd5 16. dxc5 Rxc5 17. Bd4 Rc6 18. Qb2 Rg6 19. Rfd1 Qa8 20. Ne1 f5 21. f3 Nd6 22. Kf2 Nc5 23. Bb1 Nc4 24. Qc3 Qb8 25. Bxc5 1-0

[Event "SRB-ch sf"]
[Site "Paracin"]
[Date "2022.03.20"]
[Round "5"]
[White "Savic, Goran Z"]
[Black "Rasic, Milovan"]
[Result "1-0"]
[WhiteElo "1804"]
[BlackElo "1694"]
[PlyCount "39"]
[EventDate "2022.03.17"]
[EventType "swiss"]
[EventRounds "9"]
[EventCountry "SRB"]
[SourceTitle "CBM 207 Extra"]
[Source "ChessBase"]
[SourceDate "2022.05.31"]
[SourceVersion "1"]
[SourceVersionDate "2022.05.31"]
[SourceQuality "1"]

1. e4 c5 2. Nf3 Nc6 3. Bb5 e6 4. c3 Nf6 5. e5 Nd5 6. 0-0 Qc7 7. Re1 g6 8. Na3 Nb6 9. d4 a6 10. Bxc6 Qxc6 11. Bg5 Bg7 12. Rc1 0-0 13. Qd2 d5 14. Bf6 Nd7 15. Qg5 Re8 16. Nc2 h6 17. Qh4 Nxf6 18. exf6 g5 19. Nxg5 hxg5 20. Qxg5 1-0

[Event "Paracin Orbis FM 02"]
[Site "Paracin"]
[Date "2022.02.06"]
[Round "9"]
[White "Harisurya, Bharadwaj Gundepudi"]
[Black "Savic, Goran Z"]
[Result "1/2-1/2"]
[WhiteElo "1882"]
[BlackElo "1851"]
[PlyCount "82"]
[EventDate "2022.01.31"]
[EventType "tourn"]
[EventRounds "9"]
[EventCountry "SRB"]
[SourceTitle "EXT 2023"]
[Source "ChessBase"]
[SourceDate "2022.10.05"]
[SourceVersion "1"]
[SourceVersionDate "2022.10.05"]
[SourceQuality "1"]

1. d4 Nf6 2. Bf4 e6 3. e3 d5 4. Nf3 Bd6 5. Nbd2 0-0 6. Bd3 b6 7. 0-0 Bb7 8. Ne5 Ne4 9. f3 Nxd2 10. Qxd2 f6 11. Ng4 Bxf4 12. exf4 c5 13. c3 cxd4 14. cxd4 Nc6 15. Bc2 Qd6 16. Rfe1 Rae8 17. a3 g6 18. b4 Ba6 19. Rad1 Kg7 20. h4 h5 21. Nf2 Bc4 22. Bb1 a5 23. bxa5 Nxa5 24. Qe3 b5 25. Qc3 Nc6 26. Nd3 Kf7 27. g3 Ra8 28. Nc5 Rfe8 29. Kg2 Re7 30. Re3 e5 31. Qc2 Rg8 32. fxe5 fxe5 33. Nb3 Qxa3 34. Rde1 Qd6 35. dxe5 Rxe5 36. Rxe5 Nxe5 37. Nd4 b4 38. Qd2 Re8 39. Qh6 Qf6 40. Qh7+ Kf8 41. f4 Nd3 1/2-1/2

[Event "Paracin Orbis FM 02"]
[Site "Paracin"]
[Date "2022.02.01"]
[Round "2"]
[White "Talgatov, Nazar"]
[Black "Savic, Goran Z"]
[Result "1/2-1/2"]
[WhiteElo "1624"]
[BlackElo "1851"]
[PlyCount "35"]
[EventDate "2022.01.31"]
[EventType "tourn"]
[EventRounds "9"]
[EventCountry "SRB"]
[SourceTitle "EXT 2023"]
[Source "ChessBase"]
[SourceDate "2022.10.05"]
[SourceVersion "1"]
[SourceVersionDate "2022.10.05"]
[SourceQuality "1"]

1. d4 Nf6 2. c4 e6 3. Nc3 Bb4 4. e3 c5 5. a3 Bxc3+ 6. bxc3 0-0 7. Nf3 d6 8. Bd3 Nbd7 9. 0-0 e5 10. Nd2 Re8 11. Qc2 Qe7 12. d5 e4 13. Be2 Qe5 14. f4 Qf5 15. Nf3 Ng4 16. h3 Nh6 17. Nh2 Qg6 18. g4 1/2-1/2

[Event "Paracin Orbis FM 01"]
[Site "Paracin"]
[Date "2022.01.27"]
[Round "5"]
[White "Savic, Goran Z"]
[Black "Opacic, Alexandar"]
[Result "1-0"]
[WhiteElo "1851"]
[BlackElo "1871"]
[PlyCount "93"]
[EventDate "2022.01.24"]
[EventType "tourn"]
[EventRounds "9"]
[EventCountry "SRB"]
[SourceTitle "EXT 2023"]
[Source "ChessBase"]
[SourceDate "2022.10.05"]
[SourceVersion "1"]
[SourceVersionDate "2022.10.05"]
[SourceQuality "1"]

1. c4 d6 2. Nf3 Bg4 3. h3 Bh5 4. g4 Bg6 5. d3 e5 6. e4 Nd7 7. b4 a5 8. bxa5 Rxa5 9. Bd2 Ra6 10. Nc3 Nc5 11. Be3 Ne6 12. Rb1 b6 13. d4 Ra3 14. Rb3 Rxb3 15. Qxb3 exd4 16. Nxd4 Nxd4 17. Bxd4 Nf6 18. c5 Be7 19. cxb6 0-0 20. Bg2 cxb6 21. Bxb6 Qc8 22. 0-0 Nd7 23. Nd5 Bh4 24. Be3 Re8 25. Rc1 Qd8 26. Qb7 Nf8 27. f4 Bxe4 28. Bxe4 Rxe4 29. Nf6+ Bxf6 30. Qxe4 d5 31. Qd3 g5 32. f5 Qa5 33. Qd2 Qa3 34. Bxg5 Qg3+ 35. Qg2 Qa3 36. Bf4 Bd4+ 37. Kh2 Nd7 38. Qxd5 Qb2+ 39. Qg2 Qa3 40. Qd2 Qa7 41. Rc7 Qa4 42. Rc8+ Nf8 43. Bd6 Bg7 44. Bxf8 Be5+ 45. Kg1 h6 46. Bd6+ Kh7 47. Bxe5 1-0

[Event "Paracin Orbis FM 01"]
[Site "Paracin"]
[Date "2022.01.26"]
[Round "4"]
[White "Khalifah, Khaled"]
[Black "Savic, Goran Z"]
[Result "1-0"]
[WhiteElo "1909"]
[BlackElo "1851"]
[PlyCount "113"]
[EventDate "2022.01.24"]
[EventType "tourn"]
[EventRounds "9"]
[EventCountry "SRB"]
[SourceTitle "EXT 2023"]
[Source "ChessBase"]
[SourceDate "2022.10.05"]
[SourceVersion "1"]
[SourceVersionDate "2022.10.05"]
[SourceQuality "1"]

1. d4 Nf6 2. Bg5 e6 3. e3 h6 4. Bh4 d5 5. Nf3 Be7 6. Bxf6 Bxf6 7. Bd3 0-0 8. h4 Nd7 9. g4 g6 10. g5 hxg5 11. hxg5 Bxg5 12. Nbd2 Kg7 13. Qe2 c5 14. Nxg5 Qxg5 15. c3 e5 16. 0-0-0 e4 17. Bc2 cxd4 18. exd4 Nf6 19. Rdg1 Bg4 20. f3 exf3 21. Qe5 Qxe5 22. dxe5 Bh5 23. exf6+ Kxf6 24. Nxf3 Bxf3 25. Rf1 Rh8 26. Rxf3+ Kg7 27. Rhf1 f5 28. Bxf5 gxf5 29. Rxf5 Rhf8 30. Rg1+ Kh6 31. Rxd5 Rf7 32. Rd3 Rf5 33. Rd6+ Kh5 34. Rd7 Kh6 35. Rxb7 a5 36. Rbg7 Re8 37. Rg8 Rxg8 38. Rxg8 Rf2 39. Ra8 Rf5 40. Kc2 Kg6 41. Kb3 Kf7 42. Ka4 Rf2 43. Rb8 Ke7 44. Kxa5 Kd7 45. a4 Kc7 46. Rb5 Rf6 47. b4 Rf8 48. Rc5+ Kb7 49. Kb5 Rf6 50. a5 Ka7 51. c4 Rg6 52. Rc7+ Kb8 53. Rh7 Ka8 54. c5 Rf6 55. c6 Rg6 56. Kb6 Rg8 57. Ra7+ 1-0

[Event "Paracin Orbis FM 01"]
[Site "Paracin"]
[Date "2022.01.25"]
[Round "3"]
[White "Savic, Goran Z"]
[Black "Patil, Harshal"]
[Result "0-1"]
[WhiteElo "1851"]
[BlackElo "1890"]
[PlyCount "76"]
[EventDate "2022.01.24"]
[EventType "tourn"]
[EventRounds "9"]
[EventCountry "SRB"]
[SourceTitle "EXT 2023"]
[Source "ChessBase"]
[SourceDate "2022.10.05"]
[SourceVersion "1"]
[SourceVersionDate "2022.10.05"]
[SourceQuality "1"]

1. c4 e5 2. g3 f5 3. Bg2 Nf6 4. Nc3 Nc6 5. a3 a5 6. d3 Bc5 7. e3 0-0 8. Nge2 d6 9. 0-0 Ne7 10. d4 Bb6 11. dxe5 dxe5 12. Qxd8 Rxd8 13. b3 c6 14. Bb2 Rd2 15. Rab1 Be6 16. Rfd1 Rad8 17. Rxd2 Rxd2 18. Kf1 g5 19. Ke1 Rd8 20. Na4 Bc7 21. Nc5 Bc8 22. h3 Kf7 23. Rd1 Rxd1+ 24. Kxd1 Ng6 25. Kd2 Bd6 26. Na4 h5 27. c5 Bc7 28. b4 Be6 29. Nac3 h4 30. b5 hxg3 31. fxg3 e4 32. Ke1 Ne5 33. bxc6 bxc6 34. Nc1 Nc4 35. Na4 Nxe3 36. Kf2 Nd1+ 37. Ke2 Nxb2 38. Nxb2 Bxg3 0-1

[Event "Paracin op 01"]
[Site "Paracin"]
[Date "2022.01.20"]
[Round "6"]
[White "Petrovic, Petar R"]
[Black "Savic, Goran Z"]
[Result "1/2-1/2"]
[WhiteElo "1997"]
[BlackElo "1851"]
[PlyCount "63"]
[EventDate "2022.01.17"]
[EventType "swiss"]
[EventRounds "9"]
[EventCountry "SRB"]
[SourceTitle "CBM 206 Extra"]
[Source "ChessBase"]
[SourceDate "2022.03.31"]
[SourceVersion "1"]
[SourceVersionDate "2022.03.31"]
[SourceQuality "1"]

1. e4 d6 2. d4 Nf6 3. Nc3 g6 4. f4 Bg7 5. Nf3 c5 6. d5 Nfd7 7. Be2 0-0 8. 0-0 Na6 9. Be3 Nc7 10. Qd2 f5 11. exf5 gxf5 12. Rad1 a6 13. a4 b6 14. Qe1 Qe8 15. Qh4 Nf6 16. Ng5 h6 17. Ne6 Nxe6 18. dxe6 Bxe6 19. g4 Nxg4 20. Bxg4 fxg4 21. f5 Bxf5 22. Nd5 Ra7 23. Bxh6 Bxh6 24. Qxh6 Qg6 25. Qe3 e5 26. Qb3 Qe6 27. Qxb6 Rh7 28. Qb3 Rhf7 29. Ne3 c4 30. Qxc4 Qxc4 31. Nxc4 Bxc2 32. Rxf7 1/2-1/2